The biologic basis of pediatric practice. (Record no. 118358)

MARC details
000 -LEADER
fixed length control field 00745nam a2200241 4500
008 - FIXED-LENGTH DATA ELEMENTS--GENERAL INFORMATION
fixed length control field
049 #0 - LOCAL HOLDINGS (OCLC)
Holding library MAIN
090 0# - LOCALLY ASSIGNED LC-TYPE CALL NUMBER (OCLC); LOCAL CALL NUMBER (RLIN)
Classification number (OCLC) (R) ; Classification number, CALL (RLIN) (NR) RJ45
Local cutter number (OCLC) ; Book number/undivided call number, CALL (RLIN) BIO
003 - CONTROL NUMBER IDENTIFIER
control field
005 - DATE AND TIME OF LATEST TRANSACTION
control field 20230120204152.0
040 ## - CATALOGING SOURCE
Transcribing agency NUST
245 14 - TITLE STATEMENT
Title The biologic basis of pediatric practice.
Statement of responsibility, etc. Editor: Robert E. Cooke, Associate editor: Sidney Levin.
260 ## - PUBLICATION, DISTRIBUTION, ETC.
Place of publication, distribution, etc. New York,
Name of publisher, distributor, etc. Blakiston Division, McGraw Hill
Date of publication, distribution, etc. 1968
300 ## - PHYSICAL DESCRIPTION
Extent xxi, (various pagings) :
Other physical details ill. ;
Dimensions 26 cm.
504 ## - BIBLIOGRAPHY, ETC. NOTE
Bibliography, etc. note Includes bibliographical refernces.
500 ## - GENERAL NOTE
General note Includes index.
650 #0 - SUBJECT ADDED ENTRY--TOPICAL TERM
Topical term or geographic name entry element Pediatrics.
650 #2 - SUBJECT ADDED ENTRY--TOPICAL TERM
Topical term or geographic name entry element Pediatrics.
700 1# - ADDED ENTRY--PERSONAL NAME
Personal name Levin, Sidney.
700 ## - ADDED ENTRY--PERSONAL NAME
Personal name Cooke, Robert E.
907 ## - LOCAL DATA ELEMENT G, LDG (RLIN)
a .b10356605
b 08-04-15
c 01-04-15
942 ## - ADDED ENTRY ELEMENTS (KOHA)
Koha item type Ordinary Loan Books
Call number prefix RJ45
Call number suffix BIO
Holdings
Date last seen Total Checkouts Full call number Barcode Cost, replacement price Price effective from Koha item type Lost status Source of classification or shelving scheme Damaged status Not for loan Collection Withdrawn status Home library Current library Shelving location Date acquired Cost, normal purchase price
01/20/2023   RJ45 BIO 92004036654 80.00 01/20/2023 BOOKS   LCC     NFIC   Medical Medical GEN 01/20/2023 80.00